Ciencias sociales 1: maravillas del mundo. sociedades y espacios geográficos en la actualidad. historia de las civilizaciones de la edad antigua y el mundo feudal /

Guardado en:
Autor Principal: Chiodi, Aldana
Formato: Libro
Publicado: Buenos Aires : Puerto de Palos, 2013
Series:Activados
Materias:
Etiquetas: Agregar Etiqueta
Sin Etiquetas, Sea el primero en etiquetar este registro!
LEADER 01805nam a22003135a 4500
001 CEM.cems014442
005 20140805114346.0
008 130507s2013##################000#0#####d
003 CEMS
020 |a 9789875475809 
082 0 4 |a Z302 
100 1 |a Chiodi, Aldana 
245 1 0 |a Ciencias sociales 1: maravillas del mundo. sociedades y espacios geográficos en la actualidad. historia de las civilizaciones de la edad antigua y el mundo feudal /  |c Aldana Chiodi ... y Otros 
260 |a Buenos Aires :  |b Puerto de Palos,  |c 2013 
300 |a 304 p. 
490 0 |a Activados 
500 |a Incluye anexo Maravillas del Mundo 
505 0 |a Localización y representación del espacio geográfico -- Cómo es nuestro Planeta -- Los estados del mundo actual -- Un mundo superpoblado -- Actividades económicas de los espacios rurales y urbanos -- Recursos naturales y problemas ambientales -- La historia como ciencia social -- Los primeros seres humanos -- Los primeros agricultores -- El Egipto de los faraones -- Ciudades, reinos e imperios del antiguo cercano oriente -- De las primeras ciudades a los grandes imperios de América -- Las polis griegas -- El imperio de Alejandro y los reinos helenísticos -- Roma: monarquía, república, imperio -- El comienzo de la Edad Media -- De la Europa feudal a la Europa Moderna 
653 |a Ciencias sociales 
653 |a Historia 
653 |a Historia antigua 
653 |a Historia grecia 
653 |a Historia roma 
653 |a Civilizaciones 
653 |a Historia del mundo actual 
653 |a Historia de américa 
859 |a CEMS  |b BIB. CEMS - 11 de abril  |h Z302  |i Ch442  |p 26998.14  |t Ej.1  |v I  |3 I 
859 |a CEMS  |b BIB. CEMS - 11 de abril  |h Z302  |i Ch442  |p 27031.14  |t Ej.2  |v I  |3 I 
859 |a CEMS  |b BIB. CEMS - 11 de abril  |h Z302  |i Ch442  |p 27032.14  |t Ej.3  |v I  |3 I